Ćwierćfinaliści Ligi Europy 2024/25 - Statystyki

Ogólne statystyki
  • Ten quiz został rozwiązany 452 razy
  • Średni wynik to 6 z 8
Statystyki odpowiedzi
Klub Kraj Miejsce w fazie grupowej % Poprawnych
Manchester United Anglia 3
91%
Tottenham Hotspur Anglia 4
80%
Rangers Szkocja 8
74%
Athletic Bilbao Hiszpania 2
72%
Bodo/Glimt Norwegia 9
72%
Olympique Lyon Francja 6
69%
Lazio Włochy 1
62%
Eintracht Frankfurt Niemcy 5
47%
Nie znaleziono quizów pasujących do podanych kryteriów
Rozkład punktacji
Procent ludzi z każdym wynikiem
Percentyl według liczby udzielonych odpowiedzi
Twoja historia wyników
Nie rozwiązałeś tego quizu